000 00680cam a2200241 a 4500
001 000019698
005 20200929170116.0
008 801023s1940 ag 000 f spa d
040 _aDO-SdBNP
_bspa
_cDLC
_dBNPHU
082 _a863.6
_bA996d
100 0 _aAzorín,
_d1873-1967
_95278
245 1 0 _aDon Juan /
_cAzorín.
260 _aBuenos Aires, Argentina :
_bEspasa-Calpe Argentina,
_c1940.
300 _a153 p. ;
_c18 cm.
490 1 _aAustral
500 _aIncluye índice de autores
650 4 _aCuentos españoles
_93194
650 4 _aLiteratura española
_9632
830 0 _aAustral
_93065
910 _aCatalogación derivada / LC
910 _aWM
049 _aBNGR
999 _c19213
_d19213